000 00545nam a22001697a 4500
008 200121b xxu||||| |||| 00| 0 eng d
020 _a9994620312
041 _aNep.
082 _aN923/M833k
100 _aManjushree, Hari 'Ed'
241 _aKaljaae byaktitwa Bharat Jangam
245 _aकालजयी व्यक्तित्व भरत जङ्गम
260 _aKathmandu:
_bBharat Jangam Moti Mahotsab Samaroha Samiti.
_c2063.B.S.
300 _a944p. ; illus.
650 _a Jangam, Bharat- Biography
942 _2ddc
_cISBN
999 _c90913
_d90902